Histoire de la littérature et de la pensée françaises contemporaines (1870-1925) / (Record no. 1492)
[ view plain ]
| 000 -CABECERA | |
|---|---|
| campo de control de longitud fija | 00703cam a2200193 a 4500 |
| 001 - NÚMERO DE CONTROL | |
| campo de control | 000001597 |
| 005 - FECHA Y HORA DE LA ÚLTIMA TRANSACCIÓN | |
| campo de control | 20200929145630.0 |
| 008 - DATOS DE LONGITUD FIJA--INFORMACIÓN GENERAL | |
| campo de control de longitud fija | 790418s1927 fr a b 000 0 fre |
| 040 ## - FUENTE DE LA CATALOGACIÓN | |
| Centro catalogador/agencia de origen | DO-SdBNP |
| Lengua de catalogación | spa |
| Centro/agencia transcriptor | BNPHU |
| 082 ## - NÚMERO DE LA CLASIFICACIÓN DECIMAL DEWEY | |
| Número de clasificación | 840.09 |
| Número de documento/Ítem | M866h, 1927 |
| 100 1# - ENTRADA PRINCIPAL--NOMBRE DE PERSONA | |
| Nombre de persona | Mornet, Daniel, |
| Fechas asociadas al nombre | 1878-1954. |
| 9 (RLIN) | 5238 |
| 245 10 - MENCIÓN DE TÍTULO | |
| Título | Histoire de la littérature et de la pensée françaises contemporaines (1870-1925) / |
| Mención de responsabilidad, etc. | Daniel Mornet ... Quatre planches hors texte (seize portraits). |
| 250 ## - MENCIÓN DE EDICIÓN | |
| Mención de edición | 4a ed. rev. y aum. |
| 260 ## - PUBLICACIÓN, DISTRIBUCIÓN, ETC. | |
| Lugar de publicación, distribución, etc. | París : |
| Nombre del editor, distribuidor, etc. | Larousse, |
| Fecha de publicación, distribución, etc. | 1927. |
| 300 ## - DESCRIPCIÓN FÍSICA | |
| Extensión | 269 p. : |
| Otras características físicas | il. ; |
| Dimensiones | 20 cm. |
| 504 ## - NOTA DE BIBLIOGRAFÍA, ETC. | |
| Nota de bibliografía, etc. | Bibliografía: p. 9. |
| 650 #4 - PUNTO DE ACCESO ADICIONAL DE MATERIA--TÉRMINO DE MATERIA | |
| Término de materia o nombre geográfico como elemento de entrada | Literatura francesa |
| Subdivisión cronológica | SIGLO XIX |
| Subdivisión general | Historia y crítica |
| 9 (RLIN) | 5239 |
| 910 ## - DATOS DE OPCIÓN DEL USUARIO (OCLC) | |
| Datos de opción del usuario | En proceso |
| Estado de retiro | Estado de pérdida | Restricciones de uso | No para préstamo | Código de colección | Localización permanente | Ubicación/localización actual | Ubicación en estantería | Fecha de adquisición | Número de inventario | Total de préstamos | Signatura topográfica completa | Código de barras | Fecha visto por última vez | Precio válido a partir de | Tipo de ítem Koha |
|---|---|---|---|---|---|---|---|---|---|---|---|---|---|---|---|
| Préstamo interno | Monografías: Libros y Folletos | General | General | En catalogación | 11.09.2009 | LF1 | 840.09 M866h, 1927 | 1597-10 | 25.06.2020 | 25.06.2020 | Préstamo interno |
